[Event "Hradec Kralove Region-chT 0506"]
[Site "Czech Republic"]
[Date "2005.11.27"]
[Round "3.2"]
[White "Malik, Frantisek"]
[Black "Novak, Radomir"]
[Result "0-1"]
[WhiteElo "1779"]
[BlackElo "2112"]
[PlyCount "50"]
[EventDate "2005.10.23"]
[EventType "team-tourn"]
[EventRounds "11"]
[EventCountry "CZE"]
[SourceTitle "EXT 2024"]
[Source "ChessBase"]
[SourceDate "2023.10.10"]
[SourceVersion "1"]
[SourceVersionDate "2023.10.10"]
[SourceQuality "1"]
[WhiteTeam "Lipa III"]
[BlackTeam "Hradec Kralove Slavia III"]
[WhiteTeamCountry "CZE"]
[BlackTeamCountry "CZE"]

1. e4 e6 2. Nf3 d5 3. e5 c5 4. c3 Bd7 5. d4 Qb6 6. Be2 cxd4 7. cxd4 Ne7 8. b3 Nbc6 9. 0-0 Nf5 10. Be3 Rc8 11. g4 Nxe3 12. fxe3 Be7 13. Rf2 Nb4 14. Ne1 Bh4 15. Rf1 Bxe1 16. Qxe1 Nc2 17. Qf2 0-0 18. Bd3 Nxa1 19. Nd2 Qd8 20. Rxa1 Rc3 21. Qe2 Qh4 22. Rf1 Rfc8 23. Qf3 f6 24. exf6 gxf6 25. e4 Bb5 0-1